<?xml version="1.0" encoding="UTF-8"?>
<record
    xmlns:xsi="http://www.w3.org/2001/XMLSchema-instance"
    xsi:schemaLocation="http://www.loc.gov/MARC21/slim http://www.loc.gov/standards/marcxml/schema/MARC21slim.xsd"
    xmlns="http://www.loc.gov/MARC21/slim">

  <leader>01524nam a2200217Ia 4500</leader>
  <controlfield tag="001">b5711-38490 </controlfield>
  <controlfield tag="003">IT-MiCISF</controlfield>
  <controlfield tag="008">161014s9999||||xx |||||||||||||| ||und||</controlfield>
  <datafield tag="040" ind1=" " ind2=" ">
    <subfield code="a">IT-MiCISF</subfield>
    <subfield code="c">IT-MiCISF</subfield>
  </datafield>
  <datafield tag="041" ind1=" " ind2=" ">
    <subfield code="a">it</subfield>
  </datafield>
  <datafield tag="100" ind1=" " ind2=" ">
    <subfield code="a">Barbagli Marzio (a cura di)</subfield>
  </datafield>
  <datafield tag="245" ind1=" " ind2="0">
    <subfield code="a">Storia della famiglia in Europa</subfield>
    <subfield code="b">Il lungo Ottocento</subfield>
  </datafield>
  <datafield tag="250" ind1=" " ind2=" ">
    <subfield code="a">1a ed.</subfield>
  </datafield>
  <datafield tag="260" ind1=" " ind2=" ">
    <subfield code="a"> Roma-Bari</subfield>
    <subfield code="b">Laterza</subfield>
    <subfield code="c">2002</subfield>
  </datafield>
  <datafield tag="300" ind1=" " ind2=" ">
    <subfield code="a">pp. VI-551</subfield>
  </datafield>
  <datafield tag="500" ind1=" " ind2=" ">
    <subfield code="a">Augustins G., Barbagli M., Bonfield L., Brettell C. Ehmer J., Fuchs R.G., Guttormsson L., Kertzer D.I., Maynes M.J., Plakans A., Segalen M. / famiglia, storia, situazione-demografica, cambiamenti-famiglia, vita-familiare, parentela, famiglia-rurale, diritto-di-famiglia, assistenza-sociale, stratificazione-sociale, famiglia-migranti, rapporti-genitori-figli, matrimonio / Fra lo scoppio della Rivoluzione francese e la vigilia della Grande Guerra, l'Europa sub&#xEC; una radicale trasformazione. Ma come cambi&#xF2; in realt&#xE0; la vita della gente? Nella convinzione che nessuna risposta risulta pi&#xF9; rivelatrice di quella offerta dall'osservazione della vita familiare, gli AA. di questo volume analizzano l'influenza che i mutamenti economici e politici hanno avuto sui modi in cui le famiglie si formarono e si ruppero, sui matrimoni, sui rapporti di autorit&#xE0; e di affetto, mostrando le enormi differenze esistenti fra i vari Paesi europei.</subfield>
  </datafield>
  <datafield tag="650" ind1=" " ind2=" ">
    <subfield code="a"> Famiglia nella societ&#xE0; / famiglia</subfield>
    <subfield code="e">006</subfield>
  </datafield>
  <datafield tag="700" ind1=" " ind2=" ">
    <subfield code="a">Kertzer David I. (a cura di)</subfield>
  </datafield>
  <datafield tag="942" ind1=" " ind2=" ">
    <subfield code="c">BK</subfield>
  </datafield>
  <datafield tag="957" ind1=" " ind2=" ">
    <subfield code="7">1</subfield>
  </datafield>
  <datafield tag="999" ind1=" " ind2=" ">
    <subfield code="a">38490</subfield>
    <subfield code="b">si</subfield>
    <subfield code="g">1</subfield>
    <subfield code="c">211408</subfield>
    <subfield code="d">211408</subfield>
  </datafield>
  <datafield tag="952" ind1=" " ind2=" ">
    <subfield code="0">0</subfield>
    <subfield code="1">0</subfield>
    <subfield code="4">0</subfield>
    <subfield code="6">B_571138490</subfield>
    <subfield code="7">1</subfield>
    <subfield code="a">CISF</subfield>
    <subfield code="b">CISF</subfield>
    <subfield code="d">2016-10-14</subfield>
    <subfield code="l">0</subfield>
    <subfield code="o">b5711-38490 </subfield>
    <subfield code="r">2016-10-14 00:00:00</subfield>
    <subfield code="w">2016-10-14</subfield>
    <subfield code="y">BK</subfield>
    <subfield code="z">Data import 15.10.2016 / by Epidotti, Vaglietti</subfield>
  </datafield>
</record>
